| 000 | 00484nam a22001817a 4500 | ||
|---|---|---|---|
| 003 | OSt | ||
| 005 | 20180116183053.0 | ||
| 008 | 160901b xxu||||| |||| 00| 0 eng d | ||
| 020 | _a0 | ||
| 040 | _c0 | ||
| 082 | _a658.0954 COR 1987 | ||
| 100 | _aCornelisse,Peter A. | ||
| 245 |
_aThe Wheat-marketing Activity in Pakistan _cPeter A.Cornelisse |
||
| 260 |
_aIslamabad _bPIDE _c1987 |
||
| 300 |
_a125 p. _bHB |
||
| 440 | _aThe Wheat-marketing Activity in Pakistan | ||
| 942 |
_2ddc _cBK |
||
| 999 |
_c351709 _d351709 |
||